Taq-i-Bustan /

محفوظ في:

المؤلف الرئيسي: Fukai, Shinji, 1924-

مؤلفون آخرون: Horiuchi, Kiyoharu. (joint author)

التنسيق: كتاب

اللغة: English

منشور في: Tokyo : Yamakawa Pub. Co., 1972.

سلاسل: Tokyo. University. Iraq-Iran Archaeological Expedition ; 13.

الموضوعات:

الوسوم: إضافة وسم

لا توجد وسوم, كن أول من يضع وسما على هذه التسجيلة!

رقم الطلب: ( F )DS324 .T3 F8 v.2

LEADER 00965nam a2200265Ia 4500
003 OSt
005 20240730134544.0
008 741203s1972 ja a 00000 eng
952 |0 0  |1 0  |2 lcc  |3 V.2  |4 0  |7 1  |9 43991  |a ARCE  |b ARCE  |d 2022-11-24  |l 0  |o ( F )DS324 .T3 F8 v.2  |p 1031665  |r 2022-11-24 00:00:00  |w 2022-11-24  |y BK 
999 |c 50448  |d 50448 
040 |c ARCE Library 
050 4 |a ( F )DS324 .T3 F8 v.2 
100 1 |a Fukai, Shinji,   |d 1924-  
245 1 0 |a Taq-i-Bustan /   |c By Shinji Fukai and Kiyoharu Horiuchi. 
264 1 |a Tokyo :   |b Yamakawa Pub. Co.,   |c 1972. 
300 |a v. <2> :   |b ill. ;   |c 35 cm. 
490 0 |a Tokyo. University. Iraq-Iran Archaeological Expedition ;   |v 13. 
504 |a   
546 |a English and Japanese, added t.p. in Japanese. 
650 0 |a Excavations (Archaeology) -- Taq-i-Bustan. 
651 0 |a Iran -- Antiquities. 
651 0 |a Taq-i-Bustan -- Antiquities. 
700 1 |a Horiuchi, Kiyoharu.  |e joint author 
901 |a reviewed 
942 |2 lcc  |c BK